| 000 | 00714cam a2200241 a 4500 | ||
|---|---|---|---|
| 008 | |||
| 020 | _a0194312879 (pbk.) | ||
| 049 | _aMAIN | ||
| 090 |
_aREF PE1464 _bCOW |
||
| 100 | _aCowie, A.P. | ||
| 245 | 1 | 0 |
_aOxford dictionary of English idioms / _cA.P. Cowie, R. Mackin and I.R. McCaig. |
| 260 |
_aOxford : _bOxford University Press, _cc1993. |
||
| 300 |
_aIxiii, 685 p. ; _c25 cm. |
||
| 500 | _aIncludes index. | ||
| 650 | 0 |
_aEnglish language _xIdioms _vDictionaries. |
|
| 700 | _aMcCaig, I.R. | ||
| 700 | _aMackin, R. | ||
| 907 |
_a.b10318057 _b16-10-12 _c14-09-12 |
||
| 003 | |||
| 005 | 20230120191434.0 | ||
| 040 | _cNUST | ||
| 942 |
_cBOOKS _kREF PE1464 _mCOW |
||
| 999 |
_c101161 _d101161 |
||